| 000 | 00499 a2200181 4500 | ||
|---|---|---|---|
| 003 | OSt | ||
| 005 | 20231214103223.0 | ||
| 008 | 231213b |||||||| |||| 00| 0 eng d | ||
| 020 | _a817180134X | ||
| 040 | _coclc | ||
| 082 |
_a894.8123 _bKES/O |
||
| 100 |
_aKesavadev, P _96490 |
||
| 245 |
_aOdayilninnu / _cP. Kesavadev |
||
| 250 | _a25th ed. | ||
| 260 |
_bPoorna Publications, _aKozhikode: _c2023. |
||
| 300 | _a88p. | ||
| 942 |
_2ddc _cBK _h894.8123 _iKES/O _k894.8123 _mKES/O |
||
| 999 |
_c44107 _d44107 |
||